Collection management for the 21st century : a handbook for librarians /
Collection management is becoming increasingly complex due to electronic access to information, the growth of the Internet, greater reliance on document delivery and resource sharing, and changes in scholarly communication. This professional reference shows how changes in all aspects of collection m...
Salvato in:
| Altri autori: | , |
|---|---|
| Natura: | Libro |
| Pubblicazione: |
Westport, Conn. :
Greenwood Press,
1997.
|
| Serie: | The Greenwood library management collection,
|
| Soggetti: | |
| Accesso online: | chrome-extension://efaidnbmnnnibpcajpcglclefindmkaj/http://bvbr.bib-bvb.de:8991/exlibris/aleph/a23_1/apache_media/4CKUHCQ5TI787LRTY1SBCDLUAYECA8.pdf |
| Tags: |
Aggiungi Tag
Nessun Tag, puoi essere il primo ad aggiungerne!!
|
MARC
| LEADER | 00000cam a2200000 a 4500 | ||
|---|---|---|---|
| 020 | |a 0313299536 |c TZS 20,000/= | ||
| 040 | |a MUL |b eng |e AACR | ||
| 082 | 0 | 0 | |a 025.2 COL |
| 245 | 0 | 0 | |a Collection management for the 21st century : |b a handbook for librarians / |c edited by G. E. Gorman and Ruth H. Miller. |
| 246 | 3 | |a Collection management for the twenty-first century | |
| 260 | |a Westport, Conn. : |b Greenwood Press, |c 1997. | ||
| 300 | |a xiii, 230 p. : |b ill. ; |c 26 cm. | ||
| 440 | 4 | |a The Greenwood library management collection, | |
| 504 | |a Includes bibliographical references and index. | ||
| 520 | |a Collection management is becoming increasingly complex due to electronic access to information, the growth of the Internet, greater reliance on document delivery and resource sharing, and changes in scholarly communication. This professional reference shows how changes in all aspects of collection management will affect future activities in this area and examines the likely value of these changes in the next century. Chapters are written by leading practitioners and academics from around the world, and the volume concludes with a bibliographical essay | ||
| 546 | |a eng | ||
| 650 | 0 | |a Collection management (Libraries) | |
| 700 | 1 | |a Gorman, G. E. | |
| 700 | 1 | |a Miller, Ruth H. | |
| 856 | |u chrome-extension://efaidnbmnnnibpcajpcglclefindmkaj/http://bvbr.bib-bvb.de:8991/exlibris/aleph/a23_1/apache_media/4CKUHCQ5TI787LRTY1SBCDLUAYECA8.pdf | ||
| 942 | |c BK | ||
| 999 | |c 10779 |d 10779 | ||